| 000 | 00914cam a2200301 a 4500 | ||
|---|---|---|---|
| 001 | 2117 | ||
| 003 | BD-RjUL | ||
| 005 | 20211208233503.0 | ||
| 008 | 131210r19851978enk b 001 0 eng | ||
| 020 | _a0333253191 : | ||
| 035 | _a(BD-RjUL)2144 | ||
| 040 |
_aDLC _cDLC _dDLC _d(BD-RjUL _beng |
||
| 041 | _aeng | ||
| 082 | 0 | 0 |
_a309.23091724 _bHOS |
| 100 | 1 |
_aHoogvelt, Ankie M. M. _96934 |
|
| 245 | 1 | 4 |
_aThe sociology of developing societies / _cAnkie M. M. Hoogvelt. |
| 250 | _a2nd ed. | ||
| 260 |
_aLondon : _bMacmillan, _cc1978. [Reprent 1985] |
||
| 300 |
_a209 p. ; _c22 cm. |
||
| 504 | _aIncludes bibliographical references and indexes. | ||
| 650 | 0 |
_aSocial evolution. _96935 |
|
| 650 | 0 |
_aEconomic development. _96936 |
|
| 650 | 0 |
_aDiffusion of innovations. _96937 |
|
| 651 | 0 |
_aDeveloping countries _xSocial conditions. _96938 |
|
| 942 |
_2ddc _cBK |
||
| 999 |
_c2117 _d2117 |
||